01056nam a2200277 4500001000200000003000900002005001700011008003100028020001800059040002300077049000600100082002800106245014100134260004600275300002100321500007400342590002600416651006200442651003800504700003100542700002900573910002500602942001200627952012200639999001700761 DO-SdBNP20230123083000.0100720s2010 mx 000 0 spa d a9786070302084 aBNPHUbspacBPMSU  a  a980.02 bH673c 201022200aHistoria comparada de las Américas :bsus procesos independentistas /cRobert S. Barker ... [et al.] ; Patricia Galeana, coordinadora. aMéxcio D.F. :bSiglo XXI Editoresc2010 a781 p. ;c24 cm. aIncluye referencias bibliográficas y notas al pie de las páginas 6Inventariado, 2022/VM 4aAméricaxHistoriayGuerras de independencia, 1806-1830. 4aAméricaxPolítica y gobierno.1 aGaleana, Patricia, d1946-1 aBarker, Robert S,d1941- aVMateo V. /Validado  2ddccBK 00102ddc40708CGaBPMETbBPMETd2017-11-24oBPMSU CD 980.02 H673c 2010pBPMSU17110397r2017-11-24w2017-11-24yBK c13070d13070